| 000 | 00942nam a22002652 4500 | ||
|---|---|---|---|
| 001 | 0000005972 | ||
| 005 | 20151217145827.0 | ||
| 008 | 070902s xx 000 0 eng d | ||
| 020 |
_a0198792859 : _cKES 2,431 |
||
| 040 |
_aKABU _cKABU |
||
| 100 | 1 |
_aAtkins, P. W. _q(Peter William), _d1940-. _@0000096299 |
|
| 245 | 1 | 0 |
_aAtkins' physical chemistry / _cPeter Atkins, Julio de Paula. |
| 246 | 3 | _aPhysical chemistry | |
| 250 | _a7th ed. | ||
| 260 |
_aOxford : _bOxford University Press, _c2002. |
||
| 300 |
_axxi, 1150 p. : _bill. ; _c28 cm. |
||
| 504 | _aIncludes bibliographical references and index. | ||
| 650 | 0 |
_aChemistry, Physical and theoretical. _@0000154243 |
|
| 700 | 1 |
_aDe Paula, Julio. _@0000154244 |
|
| 908 | _a070902 | ||
| 950 | _@1 | ||
| 999 |
_c3016 _d3016 |
||